000
00264nam a2200109Ia 4500
008
200302s9999 xx 000 0 und d
100
_a
Roderick Macfarquhar
245
_a
The Forbidden City
260
_b
United Kingdom Published
260
_c
1972
300
_a
172 P.,
999
_c
2291
_d
2291